000 00517 a2200217 4500
005 20250523102103.0
008 250523b |||||||| |||| 00| 0 eng d
020 _a9789353945930
_cRs. 1030.00
040 _aMAIN
082 _a332.024
_bM267P(7)
100 _aMadura, Jeff
245 _aPersonal finance
250 _a7th
260 _bPearson India
_aNoida
_c2025
300 _axliii, 595
650 _aEconomics
650 _aFinance
650 _aFinancial Planning
650 _aBanking
942 _cBK
999 _c360164
_d360164